000 00647nam a2200265Ia 4500
005 20260121164931.0
008 008 260114s9999 xx 000 0 eng d
020 _a9780306471858
037 _aEBOOK
040 _aCRL
040 _beng
040 _cCRL
041 _2eng
041 _aeng
084 _qCRL
100 _aMaryka Biaggio, Michel Hersen
_91045466
245 0 _aIssues in the Psychology of Women
260 _bSpringer
260 _bSpringer
260 _c2000
856 _uhttp://link.springer.com/openurl?genre=book&isbn=978-0-306-47185-8
942 _cEBOOK
999 _c1611189
_d1611189